Prvé dni výmeny skúsenosti z podnikovej praxe psychológa

Salvato in:
Dettagli Bibliografici
Natura: Libro
Lingua:slovacco
Pubblicazione: Bratislava Dom techniky ČSVTS 1980
Tags: Aggiungi Tag
Nessun Tag, puoi essere il primo ad aggiungerne!!

MARC

LEADER 00000nam a2200000 4500
001 c139607
005 20180110142159.4
041 0 |a slo 
044 |a SK 
245 1 0 |a Prvé dni výmeny skúsenosti z podnikovej praxe psychológa 
264 1 |a Bratislava  |b Dom techniky ČSVTS  |c 1980 
300 |a 153 s.